[Event "ESP-ch rapid"]
[Site "Linares"]
[Date "2013.08.26"]
[Round "5"]
[White "Anton Guijarro, David"]
[Black "De la Villa Garcia, Jesus Maria"]
[Result "1-0"]
[WhiteElo "2570"]
[BlackElo "2477"]
[PlyCount "83"]
[EventDate "2013.08.26"]
[EventType "swiss (rapid)"]
[EventRounds "9"]
[EventCountry "ESP"]
[SourceTitle "CBM 156 Extra"]
[Source "ChessBase"]
[SourceDate "2013.10.22"]
[SourceVersion "1"]
[SourceVersionDate "2013.10.22"]
[SourceQuality "1"]

1. e4 e6 2. d3 d5 3. Nd2 c5 4. Ngf3 Nc6 5. g3 g6 6. Bg2 Nge7 7. 0-0 Bg7 8. exd5 exd5 9. Nb3 b6 10. Re1 0-0 11. c3 a5 12. a4 Re8 13. d4 c4 14. Nbd2 Bf5 15. b3 cxb3 16. Qxb3 Bd3 17. Ba3 Rb8 18. Bf1 Bxf1 19. Kxf1 Bh6 20. Kg2 Bxd2 21. Nxd2 Qd7 22. Nf3 Kg7 23. Qb5 Rb7 24. Rab1 Rd8 25. h3 Nc8 26. Re3 Nd6 27. Qxd5 Nf5 28. Qxd7 Nxe3+ 29. fxe3 Rdxd7 30. e4 f6 31. Kf2 Na7 32. e5 Rdc7 33. d5 Rxc3 34. exf6+ Kf7 35. Ng5+ Kg8 36. Rxb6 Rcc7 37. Re6 Rc2+ 38. Re2 Rc8 39. f7+ Kg7 40. Re7 Rc2+ 41. Ke3 Rb3+ 42. Kd4 1-0